=LDR 00000nam 2200000 4500 =001 INLIS000000001053346 =005 20250210071119 =035 ##$$a 0010-0225000041 =007 ta =008 250210################g##########0#ind## =020 ##$$a 978-979-1533-28-7 =082 ##$$a 370.9 =084 ##$$a 370.9 WID s =100 #$$a Widi Astutik =245 1#$$a Sistem pendidikan Indonesia pada masa revolusi kemerdekaan ( 1945-1950) /$c Widi Astutik; editor, FX. Wartoyo =250 ##$$a Cetakan pertama =260 ##$$a Surakarta :$b Pelangi Press,$c 2009 =300 ##$$a x, 102 halaman : $b ilustrasi ; $c 14 x 21 cm =650 #4$$a Pendidikan-Indonesia =700 #$$a FX. Wartoyo =990 ##$$a 01090109